000 00957nam a22003137a 4500
003 CHAP
005 20220817041423.0
008 971013s1935 r 00010 d
010 _a13980
011 _a14952
035 _a19026
040 _cCHAP
082 _a333.72
_bB45ap
100 0 0 _aBeltrán, Enrique.
_911476
245 _aApuntes de zoología, cinegética e hidrobiología
260 _aChapingo, Méx. :
_bENA,
_c1935
300 _a143 p.
500 _aMimeógrafo
590 _aBATCH-UPD
_b10
_c20130110
_lUCH01
_h0139
590 _aBATCH-UPD
_b10
_c20130110
_lUCH01
_h1949
590 _aBATCH-UPD
_b10
_c20130409
_lUCH01
_h2136
590 _aBATCH-UPD
_b10
_c20130410
_lUCH01
_h1311
590 _aBATCH-UPD
_b10
_c20130914
_lUCH01
_h0558
590 _aCONVERSION
_b10
_c20130109
_lUCH01
_h1309
650 1 4 _aRecursos naturales
_xConservación.
901 _aBK
942 _cLIBRO
949 _a333.72 B45ap
_bBC
_cUACH
_d-44198
_eUACH
_h3894
_i19026
_si
999 _c13980
_d13980